Canberra Suburbs - Sudden Death - Statistics

General Stats
  • This quiz has been taken 56 times
  • The average score is 12 of 26
Answers on the Grid
Answers color-coded by a green-red scale on the quiz's grid according to % correct below.
Chapman
Kenny
Parramatta
Sculler
Casey
Tidbinbilla
Isabella Plains
Barton
Cotter River
Isaacs
Mount Ainslie
Lancaster
Queanbeyan
Amaroo
Conder
Hawkesbury
Giralang
McEwen
Denman Prospect
Murdoch
Taylor
Crace
Forrest
Newcastle Heights
Throsby
Gribbon
Arboretum Park
Reid
Glenroy
Red Hill
Florey
Fadden
Martin
Darwa
Pearce
Higgins
Orange
Waramanga
Melba
Jacobs Creek
Banks
Plymouth
Hamilton Valley
Namatjira
O'Connor
Dawson
Birrigai
Torrens
Fyshwick
Menzies
 
Answer Stats
Answer % Correct
Chapman
91%
Casey
59%
Barton
56%
Isaacs
56%
Isabella Plains
56%
Conder
53%
Denman Prospect
53%
Amaroo
50%
Kenny
50%
Forrest
47%
Red Hill
47%
Reid
47%
O'Connor
44%
Crace
41%
Fadden
41%
Florey
41%
Giralang
41%
Higgins
41%
Melba
41%
Pearce
41%
Banks
38%
Fyshwick
38%
Taylor
38%
Throsby
38%
Torrens
31%
Waramanga
31%
No matching quizzes found
Score Distribution
Percent of People with Each Score
Percentile by Number Answered
Your Score History
You have not taken this quiz